| 000 | 00000nam##2200000za#4500 |
| 001 | 9.599544 |
| 003 | CaOODSP |
| 005 | 20240501092931 |
| 007 | cr ||||||||||| |
| 008 | 150406|1998||||xxc|||||o f|0| 0 fre|d |
| 040 | |aCaOODSP|bfre |
| 043 | |an-cn--- |
| 086 | 1 |aPS83-3/63F-PDF |
| 110 | 2 |aService correctionnel Canada. |
| 245 | 10|aGestion des cas - préparation à la mise en liberté et résultat de la semi-liberté / |h[ressource électronique]|c[par] Brian A. Grant et Marlo Gal. |
| 260 | |bService correctionnel Canada |cFévrier 1998. |
| 300 | |a116p.|bgraphiques, références, tableaux |
| 490 | 1 |aRapport de recherche|v[R-63] |
| 590 | |a10-12-Supp|b2010-11-18 |
| 720 | 1 |aGrant, Brian A. |
| 720 | 1 |aGal, Marlo |
| 775 | 08|tCase management preparation for release and day parole outcome / |w(CaOODSP)9.568254 |
| 830 | #0|aRapport de recherche (Service correctionnel Canada. Direction de la recherche)|v[R-63]|w(CaOODSP)9.502465 |
| 856 | 40|ahttp://publications.gc.ca|qPDF|s233 Ko|uhttps://publications.gc.ca/collections/collection_2010/scc-csc/PS83-3-63-fra.pdf|y[R-63] |